Homage to Ramon Margalef: or, why there is such pleasure in studying nature

Uloženo v:
Podrobná bibliografie
Hlavní autor: Ros, Joandomènec
Další autoři: Prat, Narcís
Médium: Kniha
Jazyk:angličtina
Vydáno: Barcelona, España Universitat de Barcelona 1992
Edice:Col-lecció Homenatges 10
Témata:
Tagy: Přidat tag
Žádné tagy, Buďte první, kdo vytvoří štítek k tomuto záznamu!

MARC

LEADER 00000nam a2200000 a 4500
001 UCL4345
003 CL-VaPUC
005 20210831074555.0
008 040109e19920000SP |||||||||||||||||eng|d
999 |c 307217  |d 307215 
020 |a 8447500195 
040 |c Pontificia Universidad Católica de Valparaíso 
082 0 4 |a 577.6 ROS 1992  |2 21 
100 0 |a Ros, Joandomènec  |9 481864 
245 1 0 |a Homage to Ramon Margalef: or, why there is such pleasure in studying nature 
260 0 3 |a Barcelona, España  |b Universitat de Barcelona  |c 1992 
300 |a 439 páginas 
490 0 |a Col-lecció Homenatges  |v 10 
505 |a Número especial de: Oecologia Aquatica, 10 
583 |a last modification  |c 20040109 00:00:00  |k Rodrigo Vera 
600 0 |a Margalef, Ramón,  |d 1919-2004  |9 481866 
650 0 |a Ecología   |9 258124 
650 0 |a Investigación científica  |9 259857 
700 0 |a Prat, Narcís  |9 481865 
942 |c BK  |2 ddc 
945 |d 20040109 00:00:00  |a cmena 
952 |0 0  |1 0  |2 ddc  |4 0  |6 577_600000000000000_ROS_1992  |7 0  |8 A  |9 372975  |a BIBCUR  |b BIBCUR  |d 2019-11-21  |i 2086859  |o 577.6 ROS 1992  |p 2086859  |r 2025-04-22  |t 1  |w 2019-11-21  |y BK  |k BIO